<?xml version="1.0" encoding="UTF-8"?>
<marc:record xmlns:marc="http://www.loc.gov/MARC21/slim">
   <marc:leader>00000nam a2200000 a 4500</marc:leader>
   <marc:datafield ind1="1" ind2=" " tag="100">
      <marc:subfield code="a">Ravensburger Spieleverlag</marc:subfield>
      <marc:subfield code="4">aut</marc:subfield>
      <marc:subfield code="e">Verfasser/-in</marc:subfield>
   </marc:datafield>
   <marc:datafield ind1=" " ind2=" " tag="653">
      <marc:subfield code="a">Spaß</marc:subfield>
   </marc:datafield>
   <marc:datafield ind1=" " ind2=" " tag="653">
      <marc:subfield code="a">Wissen</marc:subfield>
   </marc:datafield>
   <marc:datafield ind1=" " ind2=" " tag="653">
      <marc:subfield code="a">Spiel</marc:subfield>
   </marc:datafield>
   <marc:datafield ind1=" " ind2=" " tag="653">
      <marc:subfield code="a">hohe Lernmotivation</marc:subfield>
   </marc:datafield>
   <marc:datafield ind1=" " ind2=" " tag="653">
      <marc:subfield code="a">Selbstständig lernen mit Erfolg</marc:subfield>
   </marc:datafield>
   <marc:datafield ind1="0" ind2="0" tag="245">
      <marc:subfield code="a">Logi-Geister</marc:subfield>
   </marc:datafield>
   <marc:datafield ind1="0" ind2="0" tag="245">
      <marc:subfield code="b">Das Logikspiel mit ratternden Zahnrädern</marc:subfield>
   </marc:datafield>
   <marc:datafield ind1=" " ind2="1" tag="264">
      <marc:subfield code="a">Ravensburg</marc:subfield>
      <marc:subfield code="b">Ravensburger Spieleverlag</marc:subfield>
      <marc:subfield code="c">2006</marc:subfield>
   </marc:datafield>
   <marc:datafield ind1="1" ind2=" " tag="520">
      <marc:subfield code="a">Ratter-Knatter! Die Geisterbahn steht plötzlich still und die Gespenster können niemanden mehr erschrecken. Was ist passiert? Alle Zahnräder sind durcheinander gepurzelt. Helft mit, sie wieder an den richtigen Platz zu stecken!&lt;br/&gt;&lt;br/&gt;Das Montieren der bunten Zahnräder erfordert logisches und vorausschauendes Denken, gleichzeitig wird die Feinmotorik trainiert. Durch das selbstständige Reparieren der Geisterbahn macht Logi-Geister technische Zusammenhänge für Kinder begreiflich.&lt;br/&gt;&lt;br/&gt;Die verschiedenen Spielvarianten werden unterschiedlichen Entwicklungs- und Altersstufen gerecht und ermöglichen eine individuelle Förderung.</marc:subfield>
   </marc:datafield>
   <marc:datafield ind1="2" ind2=" " tag="024">
      <marc:subfield code="a">4005556250387</marc:subfield>
   </marc:datafield>
   <marc:datafield ind1=" " ind2=" " tag="041">
      <marc:subfield code="a">ger</marc:subfield>
   </marc:datafield>
   <marc:datafield ind1="1" ind2=" " tag="521">
      <marc:subfield code="a">5 - 10 J</marc:subfield>
   </marc:datafield>
   <marc:datafield ind1="1" ind2=" " tag="521">
      <marc:subfield code="a">0</marc:subfield>
   </marc:datafield>
   <marc:datafield ind1=" " ind2=" " tag="300">
      <marc:subfield code="a">1Spielplan, 1 Spielplan-Unterlage, 32 Steckstifte, 12 bunte Zahnräder, 4 lila Zahnräder mit Drehknopf, 3 Gespenster, 4 Autos, 16 Bauplankarten, 1 Symbolwürfel</marc:subfield>
   </marc:datafield>
</marc:record>
